MARC

LEADER 00000nam0a2200000 4500
001 67837
005 20231031074128.0
035 |a (RuTPU)RU\TPU\book\72231 
090 |a 67837 
100 |a 20040924d1982 km y0rusy50 ca 
101 0 |a rus 
102 |a RU 
105 |a a z 001zy 
200 1 |a Радиопередающие устройства  |f М. В. Балакирев, Ю. С. Вохмяков, А. В. Журиков, Н. В. Карутин  |g Под ред. О. А. Челнокова 
210 |a Москва  |c Радио и связь  |d 1982 
215 |a 256 с.  |c ил. 
225 1 |a Проектирование радиоэлектронной аппаратуры на интегральных микросхемах 
320 |a Библиогр.: с. 241-250. 
320 |a Алфавитный указатель: с. 250-254. 
610 1 |a радиотехника 
610 1 |a радиотехнические устройства 
610 1 |a радиопередатчики 
610 1 |a радиопередающие устройства 
610 1 |a интегральные микросхемы 
610 1 |a проектирование 
610 1 |a гибридные схемы 
610 1 |a мощность 
610 1 |a транзисторные усилители 
610 1 |a широкополосные усилители 
610 1 |a фазовые модуляторы 
610 1 |a умножители частоты 
610 1 |a генераторы 
610 1 |a твердотельные СВЧ диоды 
675 |a 621.396.61  |v 3 
701 1 |a Балакирев  |b М. В.  |g Михаил Васильевич 
701 1 |a Вохмяков  |b Ю. С.  |g Юрий Саватович 
701 1 |a Журиков  |b А. В.  |g Александр Викторович 
701 1 |a Карутин  |b Н. В.  |g Николай Васильевич 
702 1 |a Челноков  |b О. А.  |g Олег Антонинович  |4 340 
801 1 |a RU  |b 63413507  |c 20040924  |g PSBO 
801 2 |a RU  |b 63413507  |c 20210927  |g PSBO 
942 |c BK